| 000 | 01065nam a2200301 a 4500 | ||
|---|---|---|---|
| 001 | 000009745 | ||
| 003 | DO-SdBNP | ||
| 005 | 20240719132354.0 | ||
| 008 | 091001s1996 dr a r 000 0 spa d | ||
| 040 |
_aDO-SdBNP _bspa _cBPMSU |
||
| 082 | 4 |
_aRD861.5 _bC117a 1996 _222 |
|
| 100 | 1 |
_aCabrera, Fernando _d1964- |
|
| 245 | 1 | 0 |
_aÁngel de seducción = Angel of seduction / _cFernando Cabrera; traducción al inglés de Charlene Santos. |
| 246 | 1 | 2 | _aAngel of seduction |
| 260 |
_aSanto Domingo : _bUNPHU, _c1996. |
||
| 300 |
_a205 p. : _bil ; _c21 cm. |
||
| 500 | _aTexto en inglés y español | ||
| 500 | _aIncluye datos biográficos del autor en las solapas | ||
| 586 | _aPremio Pedro Henríquez Ureña de Poesía | ||
| 590 | _aInventariado, 2024/VM | ||
| 650 | 4 | _aPoesía dominicana | |
| 650 | 0 | _aLiteratura dominicana. | |
| 650 | z | _aDominican literature | |
| 700 | 1 |
_aSantos, Charlene _etraductor |
|
| 710 | 2 | _aUniversidad Nacional Pedro Henríquez Ureña (República Dominicana) | |
| 910 | _aVMateo V. Control de calidad. BPMSU | ||
| 942 |
_2ddc _cBK |
||
| 999 |
_c14732 _d14732 |
||